Защитные сооружения гражданской обороны (устройство и эксплуатация): учебно-методическое пособие

Bibliografske podrobnosti
Corporate Authors: Российская Федерация Министерство по делам гражданской обороны, чрезвычайным ситуациям и ликвидации последствий стихийных бедствий (МЧС России), Институт риска и безопасности (ИРБ)
Drugi avtorji: Кириллов Г. Н. (редактор)
Izvleček:В учебно-методическом пособии собран и систематизирован обширный материал по устройству, назначению и эксплуатации основных типов убежищ и укрытий, их использованию в мирное время в интересах экономики и обслуживания населения.Полностью приведены действующие с 1 апреля 2003 г. Правила эксплуатации защитных сооружений ГО и ряд других нормативных документов. Учебное пособие предназначено для использования в учебном процессе учебно-методическими центрами и курсами гражданской обороны, учреждениями повышения квалификации федеральных органов исполнительной власти и на объектах экономики при подготовке и обучении должностных лиц и работников ГО, руководи­телей и личного состава гражданских организаций гражданской обороны и служб гражданской обороны, а также при проведении практических занятий с населением.
Jezik:ruščina
Izdano: Москва, Ин-т риска и безопасности, 2007
Teme:
Format: MixedMaterials Knjiga
KOHA link:https://koha.lib.tpu.ru/cgi-bin/koha/opac-detail.pl?biblionumber=163796

MARC

LEADER 00000nam0a2200000 4500
001 163796
005 20231031160949.0
010 |a 9785896350514 
035 |a (RuTPU)RU\TPU\book\177704 
090 |a 163796 
100 |a 20090821d2007 m y0rusy50 ca 
101 0 |a rus 
102 |a RU 
105 |a a j 001zy 
200 1 |a Защитные сооружения гражданской обороны (устройство и эксплуатация)  |e учебно-методическое пособие  |f Российская Федерация, Министерство по делам гражданской обороны, чрезвычайным ситуациям и ликвидации последствий стихийных бедствий (МЧС России) ; Институт риска и безопасности (ИРБ) ; под ред. Г. Н. Кириллова 
210 |a Москва  |c Ин-т риска и безопасности  |d 2007 
215 |a 320 с.  |c ил. 
320 |a Библиогр.: с. 315-319. 
330 |a В учебно-методическом пособии собран и систематизирован обширный материал по устройству, назначению и эксплуатации основных типов убежищ и укрытий, их использованию в мирное время в интересах экономики и обслуживания населения.Полностью приведены действующие с 1 апреля 2003 г. Правила эксплуатации защитных сооружений ГО и ряд других нормативных документов. Учебное пособие предназначено для использования в учебном процессе учебно-методическими центрами и курсами гражданской обороны, учреждениями повышения квалификации федеральных органов исполнительной власти и на объектах экономики при подготовке и обучении должностных лиц и работников ГО, руководи­телей и личного состава гражданских организаций гражданской обороны и служб гражданской обороны, а также при проведении практических занятий с населением. 
606 1 |a Гражданская оборона   |x Технические средства  |2 stltpush  |3 (RuTPU)RU\TPU\subj\8473 
610 1 |a защитные сооружения 
610 1 |a воздухоснабжение 
610 1 |a санитарно-технические устройства 
610 1 |a документация 
610 1 |a противопожарные требования 
610 1 |a контроль 
610 1 |a техническое обслуживание 
610 1 |a техническое состояние 
610 1 |a личный состав 
610 1 |a правила 
610 1 |a нормы 
610 1 |a документы 
610 1 |a образцы 
610 1 |a нормативные акты 
610 1 |a правовые акты 
610 1 |a учебные пособия 
610 1 |a методические пособия 
686 |a Ц691я73  |v LBC/SL-A  |2 rubbk 
702 1 |a Кириллов  |b Г. Н.  |4 340 
712 0 1 |a Российская Федерация  |b Министерство по делам гражданской обороны, чрезвычайным ситуациям и ликвидации последствий стихийных бедствий (МЧС России)  |c (1994- )  |2 stltpush  |3 (RuTPU)RU\TPU\col\9288 
712 0 2 |a Институт риска и безопасности (ИРБ)  |c (Москва)  |2 stltpush  |3 (RuTPU)RU\TPU\col\15346 
801 1 |a RU  |b 63413507  |c 20090821 
801 2 |a RU  |b 63413507  |c 20150611  |g RCR 
900 |a Материально-техническое обеспечение 
942 |c BK 
959 |a 85/20090821  |d 2  |e 0  |f АНЛ:1  |f ЧЗТЛ:1